000 00504nam a22002057a 4500
005 20170131105622.0
008 170131b xxu||||| |||| 00| 0 eng d
020 _a9781848120648
_c6.99
040 _aLoreto College
041 _aEnglish
082 _aF
_bHAR
100 _aHarrison,Cora
245 _aThe montgomery murde
_cCora Harrison
260 _aLondon
_bPiccadilly Press
_c2010
300 _a245p.
_b22cm
504 _aPrice in pound
650 _aFiction
850 _aLCLIB
942 _cBK
999 _c40874
_d91353